000 00256nam a2200109Ia 4500
008 200302s9999 xx 000 0 und d
100 _aJ Tart
245 _aWorld Architecture office Building
260 _bPace Books Limited
260 _c2013
300 _a295
999 _c3795
_d3795